| 000 | 00420nam a22001577a 4500 | ||
|---|---|---|---|
| 020 | _a9798177585979 | ||
| 040 | _cNUST | ||
| 082 | _a658 KEN | ||
| 100 |
_aKendall, Kenneth E _9112297 |
||
| 110 |
_aKendall, Julie E _9112298 |
||
| 245 | _aSystems Analysis and Design | ||
| 250 | _a6th Edition | ||
| 260 |
_aNew Delhi: _bPearson Education, _c2007. |
||
| 650 |
_aSystems Analysis and Design _960329 |
||
| 942 |
_2ddc _cBK |
||
| 999 |
_c594752 _d594752 |
||